000 00452nam a2200205Ia 4500
008 240509s9999 xx 000 0 und d
020 _a0000273025570
041 _aEng
082 _a004
082 _bA52
100 _aANDERSON, R.G.
245 0 _aData processing : Foundation skills
250 _a1st ed.
260 _bLondon : Pitman
260 _c1986
300 _a89 p.
650 _aDATA PROCESSING
942 _2ddc
942 _cLBK
999 _c22672
_d22672
945 _a1
_bMadushi Gamage
_c1
_dMadushi Gamage